Quiz transferowy #1 - Statystyki

Ogólne statystyki
  • Ten quiz został rozwiązany 101 razy
  • Średni wynik to 4 z 15
Statystyki odpowiedzi
Piłkarz Klub do którego przyszedł Rok Klub z którego odszedł % Poprawnych
Max Meyer Crystal Palace 2018 Schalke
88%
Kevin Prince Boateng Schalke 2013 Milan
39%
Jonathan dos Santos Villarreal 2014 Barcelona
35%
Willian Chelsea 2013 Anży Machaczkała
34%
Bruma RB Lipsk 2017 Galatasaray
29%
Jakub Czerwiński Legia Warszawa 2016 Pogoń Szczecin
27%
Leon Bailey Bayer Leverkusen 2017 Genk
25%
Rafał Gikiewicz Union Berlin 2018 Freiburg
22%
Florian Thauvin Olympique Marsyllia 2017 Newcastle
22%
Lorenzo Insigne Napoli 2012 Pescara
20%
Andrea Belotti Torino 2015 Palermo
19%
Haris Seferovic Benfica 2017 Eintracht Frankfurt
15%
Stephan Lichtsteiner Juventus 2011 Lazio
12%
Carlos Bacca Sevilla 2013 Club Brugge
6%
Milan Badelj Fiorentina 2014 Hamburger SV
2%
Nie znaleziono quizów pasujących do podanych kryteriów
Rozkład punktacji
Procent ludzi z każdym wynikiem
Percentyl według liczby udzielonych odpowiedzi
Twoja historia wyników
Nie rozwiązałeś tego quizu